000 00453nam a22001697a 4500
005 20160517141249.0
008 160517b xxu||||| |||| 00| 0 eng d
020 _a978-0-07-007-204-8
041 _aeng
082 _b2495
100 _aStarn L-McShane Marry Ann Von Glinow Radha R. Sharma
_9688
245 _aOrganizational Behaviour
260 _aNew Delhi
_bMc Graw Hill Companies,
_c2009
300 _a669
650 _aManagement
_9241
942 _cBK
999 _c907
_d907